000
00256nam a2200097Ia 4500
001
653009
005
20250826154449.0
008
250824s9999 xx 000 0 und d
245
0
_a
MÜSLÜMANLARIN TARİHİ 1
_c
İHSAN SÜREYYA SIRMA
260
_b
BEYAN YAYINLARI
999
_c
653009
_d
653009